Etika dan budaya berpolitik dari perspektif Islam

Other Authors: A. Monir Yaacob, Suzalie Mohamad
Published: Kuala Lumpur: Institut Kefahaman Islam, 2002.
Subjects:
LEADER 00739cam a2200193 7i4500
001 0000050733
005 20140605090000.0
020 # 0 |a 9834093608  
090 0 0 |a DS 597.2   |b E8 
245 0 0 |a Etika dan budaya berpolitik dari perspektif Islam   |c penyunting, Abdul Monir Yaacob, Suzalie Mohamad. 
260 # # |a Kuala Lumpur:   |b Institut Kefahaman Islam,   |c 2002. 
300 # # |a xxvi, 228 p.;   |c 23 cm.. 
590 # # |a Pusat Pendidikan Asas dan Liberal 
650 0 0 |a Islam and politics --   |x Congresses --   |z Malaysia  
650 0 0 |a Political ethics --   |x Congresses --   |z Malaysia  
651 0 0 |a Malaysia --   |x Politics and government --   |x Congresses  
700 0 1 |a A. Monir Yaacob  
700 0 1 |a Suzalie Mohamad  
999 |a 1100042847  |b Book  |c Open Shelf  |e KOLEKSI TERBUKA